000 00394nam a22001697a 4500
003 OSt
005 20231125041924.0
008 231125b |||||||| |||| 00| 0 eng d
020 _a9789356963337
040 _cIIMT UNIVERSITY
100 _aA K KHURANA
245 _aCOMPREHENSIVE OPHTHALMOLOGY
250 _a9TH
260 _aNEW DELHI
_bJAYPEE
_c2023
300 _a498
942 _2ddc
_c02
999 _c57697
_d57697